| 000 | 00491nam a22001697a 4500 | ||
|---|---|---|---|
| 999 |
_c527012 _d527012 |
||
| 003 | NUST | ||
| 020 | _qH/B | ||
| 038 | _awaseem | ||
| 082 |
_a301.495 _bMEH |
||
| 100 |
_aMehmood, Arshad _918073 |
||
| 245 |
_aSaqafhati Gutan aur Pakistani Mashara / _cArshad Mehmood |
||
| 260 |
_aKarachi : _bCity Press Book Shop, _c2009. |
||
| 300 | _a135 p. ; | ||
| 880 |
_6100-01\r _aارشد محمود |
||
| 880 |
_6245-02\r _aارشد گھٹن اور پاکستانی معاشرہ / |
||
| 942 |
_2ddc _cBK |
||